00309nam a2200121Ia 4500008004100000082001800041100002100059245004500080250000800125260002700133300001000160650001700170150201s1984 xx 000 0 und d a617.6bM2004B aBENNETT, RICHARD aMONEHEIMS LOCAL ANESTHESIA &PAIN CONTROL a7TH bMOSBYaNEW DELHIc1984 a1-404 aORAL SURGERY